000 00548nam a2200217Ia 4500
003 OSt
005 20220928143531.0
006 a|||||r|||| 00| 0
007 ta
008 220927b |||||||| |||| 00| 0 eng d
024 _a22420
037 _cTextual
040 _aSDCL
_cSDCL
_beng
041 _2eng
_aeng
082 _aWxc57,1:g, N9
100 _aSayers Sean
_9462238
245 0 _aPlato's republic
_b An introduction
260 _c1999
942 _hWxc57,1:g, N9
_cTEXL
_2CC
999 _c824413
_d824413